000 01710nam0a2200385 4500
001 RU\NLR\BIBL_A\011850042
005 20240812153933.0
010 _a978-5-699-97524-2
_94000
021 _aRU
_bАЛ-П-18-00617и
_9АЛ-П-18-0111
035 _a(NLR Aleph) 011850042
035 _a(RuMoRGB)009758511
090 _a12097974
_c12097974
100 _a20181031d2018 d y0rusy50 ca
101 1 _arus
_cfre
102 _aRU
105 _aa t 000ay
200 1 _aИстория жизни
_e[комикс]
_fЖан-Баптист де Панафье, Адриен Барман
_gперевод с французского Е. О. Чернышовой-Орловой
210 _aМосква
_c#Эксмодетство
_cЭксмо
_d2018
215 _a80 с.
_cцв. ил.
_d29
225 1 _aМир знаний в комиксах
320 _aУказ.: с. 78-80
333 _aДля детей среднего школьного возрата; 12+
606 1 _aЖизнь
_xПроисхождение
_jИздания для детей
_2nlr_sh1
_2nlr_sh2
_3RU\NLR\AUTH\66448529
686 0 _aШ9
_bЕ01
686 1 _aЩ153(4Фр)6-475
702 1 _aПанафье
_bЖ.-Б. де
_f1955-
_gЖан-Батист де
_3RU\NLR\AUTH\77114676
_4570
702 1 _aПанафье
_bЖ.-Б. де
_f1955-
_gЖан-Батист де
_3RU\NLR\AUTH\77114676
_4040
702 1 _aБарман
_bА.
_f1979-
_gАдриен
_3RU\NLR\AUTH\770270837
_4570
702 1 _aБарман
_bА.
_f1979-
_gАдриен
_3RU\NLR\AUTH\770270837
_4040
942 _cBOOK
980 _aNBR
980 _aNB